La extincin̤ voluntaria del contrato de trabajo a instancias del trabajador

Bibliographic Details
Main Author: Lp̤ez Jimňez, Jos ̌Manuel
Format: eBook
Language:Spanish
Published: Madrid: Dykinson, 2020
Subjects:
Online Access:Acceso restringido

MARC

LEADER 00000nam a22000007a 4500
005 20201020221918.0
007 cr|||| ||||
008 201020s2020 es |||||s|||| 00||0 spa d
020 |a 978-84-1324-740-3 
035 |a 32113 
040 |a vLex 
090 |c 10768  |d 10768 
100 1 |a Lp̤ez Jimňez, Jos ̌Manuel 
245 1 2 |a La extincin̤ voluntaria del contrato de trabajo a instancias del trabajador  |h [Recurso electrn̤ico] /  |c Jos ̌Manuel Lp̤ez Jimňez 
256 |a Servicio en ln̕ea 
260 |a Madrid:  |b Dykinson,  |c 2020 
300 |a 1 recurso electrn̤ico 
506 1 |a Disponible solo en los productos indicados  |d vLex Global  |d vLex Global (Academic Edition, excluding Law Schools)  |d vLex Global (U.S. Academic Edition, Law Schools)  |d vLex Global (U.S. Academic Edition, excluding Law Schools)  |d vLex Global (Academic Edition, Law Schools) 
650 0 4 |a Derecho Laboral y Seguridad Social  |z Espaą 
740 0 |a vLex Libros (Servicio en ln̕ea) 
856 4 0 |u http://vlex.com/source/extincion-voluntaria-contrato-trabajo-instancias-trabajador-32113  |z Acceso restringido 
942 |c BOOK 
999 0 |a Labor law and social security